| 000 | 00508nam a2200193 a 4500 | ||
|---|---|---|---|
| 005 | 20140412111234.0 | ||
| 008 | 000829s19uu xx 00 eng d | ||
| 020 | _a0-7496-1590-7 | ||
| 050 |
_aREF 030 _bFi44In 1994 |
||
| 100 | _aGaneri, Anita | ||
| 245 |
_aFirst starts animals : _cAnita Ganeri. _binsects / |
||
| 260 |
_aLondon : _bWatts Books, _c1994. |
||
| 300 | _a32 p. | ||
| 440 | _aFirst Starts Animals | ||
| 500 | _aIncludes index | ||
| 650 | _aSciences | ||
| 650 | _aInsects | ||
| 999 |
_c102353 _d102353 |
||